| 000 | 01324nam0a22002771 4500 | ||
|---|---|---|---|
| 001 | rc\1150367 | ||
| 005 | 20250622200841.0 | ||
| 035 | _a(NLR Aleph) 006395848 | ||
| 090 |
_a5194473 _c5194473 |
||
| 100 | _a20041129d1980 |||y0rusy50 ca | ||
| 101 | 0 | _arus | |
| 102 | _aRU | ||
| 105 | _aa ||||||||| | ||
| 200 | 1 |
_aБесконтактные электрические аппараты. Магнитные усилители _eКонспект лекций [для 3-5-х курсов спец. 0628 и 0601 "Электр. аппараты и средства автоматизации", "Электр. аппараты" и "Электр. аппараты автомат. упр."] _fС.Б. Миеснице |
|
| 210 |
_aРига _cРПИ _d1980 |
||
| 215 |
_a65 с. _cил. _d20 |
||
| 300 | _aНа обл. авт.: С.Б. Миеснице | ||
| 300 | _aВ надзаг.: М-во высш. и сред. спец. образования ЛатвССР, Риж. политехн. ин-т, Каф. электр. машин и аппаратов | ||
| 320 | _aБиблиогр.: с. 64 | ||
| 700 | 1 |
_aМиесниеце _bС.Б. _gСкаидрите Бруновна |
|
| 701 | 1 |
_aМиеснице [!] _bС.Б. |
|
| 801 | 0 |
_aRU _bNLR _gpsbo |
|
| 801 | 1 |
_aRU _bELAR _2rusmarc |
|
| 852 |
_aNLR _j81-4/13696 |
||
| 942 | _cBOOK | ||
| 980 | _aNB | ||